Psiquiatría general y especial para estudiantes y médicos

Guardat en:
Dades bibliogràfiques
Autor principal: Reichardt, M (Autor)
Format: Llibre
Idioma:espanyol
Publicat: Madrid Gredos 1958
Matèries:
Etiquetes: Afegir etiqueta
Sense etiquetes, Sigues el primer a etiquetar aquest registre!

MARC

LEADER 00000nam a2200000 a 4500
001 UCT8952
003 CL-VaPUC
008 970326e19580000SP |||||||||||||||||spa|d
082 0 4 |a 616.89  |b REI  |2 21 
100 0 |a Reichardt, M  |e author  |9 381256 
245 1 0 |a Psiquiatría general y especial para estudiantes y médicos 
300 |a 622 p 
942 |c BK 
945 |d 19970326 00:00:00  |a lriquelm 
260 |a Madrid  |b Gredos  |c 1958 
650 0 |a Psiquiatría  |9 308427 
650 7 |a TRANSTORNOS DE LA MEMORIA  |2 CL-VaPUC  |9 381257 
650 7 |a TRANSTORNOS PSICOMOTORES  |2 CL-VaPUC  |9 381258 
650 7 |a TRANSTORNOS DE TIPO AFECTIVO  |2 CL-VaPUC  |9 381259 
650 7 |a TRANSTORNOS DEL COMPORTAMIENT0  |2 CL-VaPUC  |9 381260 
650 0 |a Enfermedades mentales   |9 310204 
650 7 |a ENFERMOS MENTALES  |2 CL-VaPUC  |9 343473 
650 7 |a TOXICOLOGIA  |2 CL-VaPUC  |9 306970 
650 7 |a PSICOSIS  |2 CL-VaPUC  |9 315438 
650 7 |a PSIQUIATRIA FORENSE  |2 CL-VaPUC  |9 255649 
583 |a last modification  |c 19970326 00:00:00  |k Rodrigo Vera 
999 |c 257423  |d 257421 
952 |0 0  |1 0  |4 0  |6 616_890000000000000_REI_1958  |7 0  |8 A  |9 280872  |a BIBDER  |b BIBDER  |d 2019-11-19  |i 1816756  |o 616.89 REI 1958  |p 1816756  |r 2023-01-25  |w 2019-11-19  |y BK  |k DER